Katarína Gillerová / Miluj ma navždy

Bibliographic Details
Main Author: Machytka, Bohumil, 1955-2020 (Author)
Format: Article
Language:Slovak
ISSN:1335-7786
Subjects:

MARC

LEADER 00000nab a2200000 a 4500
001 vtls010468187
003 SK-MaSNL
005 20260303193257.0
008 190315c2012 xo ||||||||||||00 b|slo
015 |a SNBRB2012/11  |2 snkbucl 
038 |a SNKBUCL 
040 |a SNKBUCL  |b slo  |c SNKBUCL  |e AACR2 
041 0 |a slo 
044 |a xo  |c SK 
080 |a 82.09:821.162.4-31  |2 2001 
080 |a 821.162.4-31.09  |2 2001 
100 1 |a Machytka, Bohumil,  |d 1955-2020  |4 aut  |9 55236 
245 1 0 |a Katarína Gillerová / Miluj ma navždy  |c Bohumil Machytka 
500 |a Na dokumente uvedený nesprávny ročník (IV.+127.) 
500 |a V rubrike Sedem viet o siedmych knihách 
600 1 7 |a Gillerová, Katarína,  |d 1958-  |t Miluj ma navždy  |2 snkbucl  |9 1224352 
740 0 2 |a Miluj ma navždy 
773 0 |t Slovenské pohľady  |g Roč. IV.+128., č. 2 (2012), s. 121-122  |x 1335-7786 
852 |a SNK  |b KIS3GCP 
958 |a LX 
958 |a SK 
999 |c 2151421  |d 2153351